000 00571nam a2200181Ia 4500
003 GCL
008 140319s9999 xx 000 0 ara d
040 _aGCL /
_cGCL
082 0 4 _a148
_bم م
245 1 0 _aمنهج السلف بين العقل والتقليد: تصحيح مفاهيم - درء شبهات - رد مفتريات
300 _a143 ص
490 _aالهيئة العامة للاستعلامات
_v0
650 0 4 _aالفلسفة الاسلامية
650 0 4 _aالفلسفة
650 0 4 _aالعقل
650 0 4 _aالسلفية
942 _2ddc
_cBK
999 _c50526
_d50526